000 00691nam a22001697a 4500
005 20260219130433.0
008 260219b |||||||| |||| 00| 0 eng d
020 _a9788193418772
040 _cVITAP
082 _223
_a294.521 PAD
100 _aPadmanabhan, Mukund Ed.
_917158
245 _aSri Kanaka Durga: The Universal Mother
_b: Sri Durga Malleswara Swamy Varla Devasthanam
_c/ Mukund Padmanabhan Ed.
260 _aChennai
_bKasturi & Sons Ltd.
_c2017
300 _a82p, ill.: 30cm
650 0 _aMythological Background, History of the Temple, Temple Architecture, Rituals and Worship, Festivals and Celebrations, Spiritual Significance, Cultural Impact etc.
_917159
942 _2ddc
_cREF
999 _c47308
_d47308